00780nam a22002171a 4500001000800000005001700008008004100025010001300066020002200079040001800101050002200119082002500141100003800166245014400204260004900348300001900397500005100416650001400467700001800481700006300499476267720170427020003.0851120s1985 miu 000 0 eng  a85231312 a0801082617c4.95 aDLCcDLCdDLC00aLB1025b.G83 198500aLB 1025.G83 19852191 aGregory, John Milton,d1822-1898.10aExcellence in teaching with the seven laws :ba contemporary abridgment of Gregory's Seven laws of teaching /cCarl Shafer, editor.h[Text] aGrand Rapids, Mich.bBaker Book Housecc1985 a96 p. ; 21 cm. aRev. ed. of: The seven laws of teaching. 1954. 0aTeaching.1 aShafer, Carl.1 aGregory, John Milton,d1822-1898.tSeven laws of teaching.